EARTH SCIENCES (Record no. 1498)
[ view plain ]
| 000 -LEADER | |
|---|---|
| fixed length control field | 00398nam a22001577a 4500 |
| 020 ## - INTERNATIONAL STANDARD BOOK NUMBER | |
| ISBN | 0-19-280079-5 |
| 082 ## - DEWEY DECIMAL CLASSIFICATION NUMBER | |
| Classification number | 030 |
| Item number | ALL/D |
| 100 ## - MAIN ENTRY--AUTHOR NAME | |
| Personal name | ALLABY AILSA |
| 100 ## - MAIN ENTRY--AUTHOR NAME | |
| Personal name | ALLABY MICHAEL |
| 245 ## - TITLE STATEMENT | |
| Title | EARTH SCIENCES |
| Remainder of title | SOCIAL SCIENCE |
| 246 ## - VARYING FORM OF TITLE | |
| Title proper/short title | EARTH SCIENCES |
| Remainder of title | SOCIAL SCIENCE |
| 260 ## - PUBLICATION, DISTRIBUTION, ETC. (IMPRINT) | |
| Place of publication | NOIDA |
| Name of publisher | OXFORD UNIVERSITY PRESS |
| Year of publication | 1991 |
| 520 ## - SUMMARY, ETC. | |
| Summary, etc | SOCIAL SCIENCE |
| 650 ## - SUBJECT ADDED ENTRY--TOPICAL TERM | |
| Topical Term | SOCIAL SCIENCE |
| 942 ## - ADDED ENTRY ELEMENTS (KOHA) | |
| Koha item type | Books |
| Withdrawn status | Lost status | Home library | Current library | Shelving location | Date acquired | Source of acquisition | Cost, normal purchase price | Full call number | Accession Number | Koha item type |
|---|---|---|---|---|---|---|---|---|---|---|
| Main Library | Main Library | SHELF-5 G REFERENCE SOCIAL SCIENCE | 24/10/2006 | Purchase | 1037.00 | 030 ALL/D | 04190 | Books |